000 00680nam a2200193Ii 4500
003 JO-AjNU
008 230605s9999||||xx |||||||||||||| ||und||
040 _aJO-AjNU
_bara
_erda
_cJO-AjNU
041 _aara
050 1 4 _aQA5
100 3 _aاللحام ، محمد/ م. مشارك سليمان عوني السعافين ,
_eauthor
_935180
245 0 0 _aسلسلة المعاصر في الرياضيات المعاصرة
264 3 1 _aد.م: د.ن ، د. ت
300 _a320ص
336 _atext
_btxt
_2rdacontent
337 _aunmediated
_bn
_2rdamedia
338 _avolume
_bnc
_2rdacarrier
650 4 _aالرياضيات -طرق التدريس-تعلم وتعليم
_935181
999 _aA14498
_c18066
_d18066